Who Said It? - Halo Edition - Statistics

General Stats
  • This quiz has been taken 102 times
    88 since last reset
  • The average score is 24 of 32
Answer Stats
Question Answer % Correct
“I need a weapon.” The Master Chief
96%
“Now would be a very good time to leave!” Cortana
95%
“This is not your grave, but you are welcome in it” The Gravemind
95%
“‘Dear Humanity, we regret being alien b*******, we regret coming to Earth, and we most definitely regret that the Corps just blew up our raggedy-a** fleet!” Sgt. Johnson
93%
“For a brick, he flew pretty good!” Sgt. Johnson
92%
“This cave is not a natural formation… someone made it, and that means it leads somewhere.” CORTANA
91%
“Don’t make a girl a promise… if you know you can’I keep it.” Cortana
89%
“Halo doesn’t kill Flood, it kills their food! Human, Covenant, whatever — we’re all equally edible!” Cortana
86%
“Folks need heroes Chief, to give ‘em hope. So smile, while you still got somethin’ to smile about.” Sgt. Johnson
86%
“To give the Covenant back their bomb.” The Master Chief
86%
“You are the Arbiter, the will of the Prophets. But these are my Elites, their lives matter to me; yours does not.” The Shipmaster
86%
“And, Cortana, give our friend a warm welcome.” Capt. Keyes
84%
“I don’t care if it’s God’s own anti-son-of-a-b**** machine or a giant hula hoop, we ain’t gonna let ‘em have it!” Sgt. Johnson
84%
“When you first saw Halo, were you blinded by its majesty?” The Prophet of Regret
84%
“This one is machine and nerve, and has its mind concluded. This one is but flesh and faith, and is the more deluded.” The Gravemind
81%
“You’re crazy… …Unfortunately for both of us, I like crazy.” Cortana
80%
“I won’t.” The Master Chief
80%
“We’ll make it…” The Master Chief
78%
“I don’t keep it loaded, son…” Capt. Keyes
77%
“Nothing but dust and echoes…” Cortana
76%
“For what purpose, Master Chief?” Lord Hood
76%
“Could we possibly make any more noise?! Oh, I guess so.” Cortana
74%
“There was only one ship… …They called it the ‘Pillar of Autumn’.” The Arbiter
74%
“…The Corps ain’t payin’ us by the hour!” Sgt. Johnson
72%
“We’ll be fine.” The Master Chief
61%
“With all due respect, sir, this war has enough dead heroes.” Cortana
58%
“No, I have a feeling we’re just getting started…” The Master Chief
57%
“That makes two of us.” The Arbiter
51%
“Don’t get any funny ideas…” The Master Chief
36%
“I would have been your daddy, but a dog beat me over the fence.” Sgt. Stacker
31%
“I don’t understand.” The Master Chief
30%
“A Reclaimer? Here?! At last!” 2401 Penitent Tangent
22%
No matching quizzes found
Score Distribution
Percent of People with Each Score
Percentile by Number Answered
Your Score History
You have not taken this quiz since the last reset